000 00520nam a2200181Ia 4500
008 240925s9999 xx 000 0 und d
020 _a824776968
082 _a004.165 KAR
100 _aKarakehayov, Zdravko
245 0 _aEmbedded Systems Design with 8051 Microcontrollers
250 _aNA
260 _aNew York:
_bMarcel Deker inc
_c,1999.
300 _axix,908p.
_bNA
_fOriginal
500 _aIncludes Index
600 _aComputer Science
650 _aComputer science, information & general works
942 _cBK
999 _c8462
_d8462